000
00353pab a2200157 454500
008
180718b1979 xxu||||| |||| 00| 0 eng d
100
_a
Mathur, G.C.
245
_a
Conservation of existing housing stock
260
_c
1979
300
_a
p.60-70.
362
_a
Oct-Dec
650
_a
Housing
773
_a
Nagarlok
908
_a
N
909
_a
102151
999
_c
102149
_d
102149